Quizzes
Events
Quiz Creation
Community
Videos
Private Events
Remove Ads
Sign In
Join for FREE
Feedback
Dark Mode
Quiz Categories
Sports
Geography
Music
Movies
Television
Just For Fun
Miscellaneous
History
Literature
Language
Science
Gaming
Entertainment
Religion
Holiday
For Kids
Quiz Lab
Recent
Popular Today
Quiz Kudos Today
Editor Picks
Curator Picks
Quizzes by...
Day
Popularity
Type
Ratings
Length
Year
Community
Subscriptions
Recent Discussions
Orange Saloon
Badges
Playlists
Quests
Create
Leaderboards
Showdown
Live 5
Trivia Bingo
Activity
Puzzle Library
Sporcle Events
Private Events
Virtual Trivia
Globe League
Become a Host
Pub Owners
SporcleCon
Opinionation
Our Games
Videos
Blog
Mobile Apps
Partnerships
Remove Ads and Go Orange
Feedback
Language
Vocabulary
Begins and Ends
Definition
Spanish
French
German
Italian
Chinese
Latin
Translation
Japanese
Language
Vocabulary
Begins and Ends
Definition
Spanish
French
German
Italian
Chinese
Latin
Translation
Japanese
Random Quiz
Search Sporcle
×
Quiz Lab
Quiz Lab
Language
life
Type in answers that appear in a list
Type in answers that appear in a list
Classic
Best Score? Go Orange.
Dyson French GSCE technology Higher Stats
Can you name the Dyson Year 10 technology in every day life Higher?
By
monsieurbiscuit
14m
60 Questions
71 Plays
71 Plays
71 Plays
Comments
Comments
Give Quiz Kudos
Give Quiz Kudos
-
- Ratings
hide this ad
Replay
Link that replays current quiz
Next Quiz
Link to next quiz in quiz playlist
You Got
0%
They Got
Avg Score
51%
Avg Friend Score
Upgrade to see
Score Distribution
Jump to the score distribution portion of the page
Score
0/60
Timer
14:00
0
Plays Today
Hint
Answer
% Correct
blogger
to blog
93%
connaître
to know
76.1%
les devoirs
homework
76.1%
un formulaire
a form
73.2%
acheter
to buy
73.2%
un chargeur
a charger
71.8%
croire
to believe
70.4%
la fraude
fraud
69%
un cerveau
a brain
69%
vivre
to live
67.6%
anonyme
anonymous
67.6%
une entreprise
a company
64.8%
une application
an app
64.8%
un mail/
un courriel
a mail
64.8%
passer du temps
to spend time
63.4%
une carte
a map
63.4%
devoir
to have to
62%
vendre
to sell
60.6%
le vol d'identité
identity theft
60.6%
établir
to establish
59.2%
un but
a goal
57.7%
séduire
to seduce
57.7%
un chercheur
a researcher
56.3%
le compte bancaire
a bank account
56.3%
une réunion
a meeting
56.3%
déçu(e)
disappointed
54.9%
menacer
to threaten
54.9%
dépendant
dependant
54.9%
garantir
to guarantee
53.5%
une menace
a threat
53.5%
Hint
Answer
% Correct
compenser
to compensate
53.5%
la fonctionnalité
functionality
52.1%
une prise électrique
a plug
52.1%
viser
to aim
50.7%
le monde réel
the real world
50.7%
une poche
a pocket
50.7%
attendre
to wait
47.9%
à domicile
at home
45.1%
brancher
to plug
45.1%
lier
to link
43.7%
un clavier
a keyboard
42.3%
vouloir
to want
40.8%
désespéré(e)
desesperate
40.8%
n'importe quand
whenever
40.8%
n'importe où
wherever
39.4%
avoir peur
to be afraid
38%
chercher
to search
38%
soi-
disant
so called
36.6%
n'importe qui
whoever
36.6%
un bienfait
a benefit
35.2%
un achat
a purchase
35.2%
reprocher
to reproach
35.2%
manquer
to miss
33.8%
se déplacer
to move around
32.4%
mettre en marche
to switch on
29.6%
appartenir
to belong
26.8%
rappeler
to remind
23.9%
entretenir
to maintain
22.5%
amener
to bring
21.1%
n'importe quoi
nonsense
19.7%
Quiz Playlist
Details
Report
Send in Message
Add To Playlist
Classic:
Type in answers that appear in a list
Last Updated: Feb 22, 2018
Quiz Scoreboard
CHALLENGE
Sign Up to Join the Scoreboard
Show All
Scores
Hide
Comments
May contain spoilers
Recently Published
An Introduction to Baseball
by treessimontrees
Sports
5m
Movies - When Are They Set?
by FPL_Elf
Movies
5m
Popular People in 1961
by mucciniale
History
6m
More to Explore
Quiz From the Vault
Featured Blog Post
Where Did the Easter Bunny Come From?
hide this ad
You Might Also Like...
Tags
life
Technology
Today's Top Quizzes in Language
Browse Language
hide this ad
Today's Top Quizzes in life
Browse life
Top Contributed Quizzes in Language
1
1-10 Letter F Words III
2
Order Up: Top 10 Most Native Spoken Languages
3
1-10 Letter G Words III
4
1-10 Letter H Words III
5
One Thing in Common: Italy
6
1-10 Letter I Words III
7
Weisst du, aus welchen Sprachen diese Wörter stammen?
8
1-10 Letter J Words III
9
Begins and Ends With AN
10
Hiragana Speed Reading
Explore More
Trending Topics
Crossword
NBA
Harry Potter
Anime
Kpop
Marvel
Disney
WWE
Soccer
Song
The Office
Pokémon
Puzzle
NFL
Country
hide this ad
More By:
monsieurbiscuit
Quiz
Plays
Rating
Category
Featured
Created
CWLC Year 7 French vocab
1,768
4.33
Language
Feb 12, 2015
Dyson Year 8 German
711
3.40
Language
Jan 29, 2015
CWLC French Environment
641
5.00
Language
May 2, 2016
CWLC 7 Spanish 2022 Family
564
Language
Feb 3, 2020
CWLC 7F 2022 French School
530
Language
Jan 18, 2021
Go to Creator's Profile
Score Distribution
Quiz Creator Spotlight
monsieurbiscuit
Follow
Send a Message
Quizzes Created
-
Created Quiz Play Count
-
More By This Creator
Popular Quizzes Today
1
Find the Countries of Europe - No Outlines Minefield
2
Find the US States - No Outlines Minefield
3
The Countries of the World
4
Popular People in 1961
5
US States
6
1-10 Letter E Words III
7
Find the US States
8
One Thing in Common: World Cities II
More Language Quizzes
Japanese Kanji Words
Quiz Lab
Trending Quizzes
Risky Map Clicking: Least Populous States A-Z
1-10 Letter F Words
1-10 Letter G Words
One Thing in Common: United Kingdom
Risky Map Clicking: Next State Alphabetically
Recently Updated
Leaping Animals
pecheneg
Reality TV Shows (A-Z)
bhenderson79
Rickey Henderson's Hall of Fame Teammates
pecheneg
Champions League XIs: Arsenal
pecheneg
Quick Pick: Celebrities in WWE's Hall of Fame
aduchscher
A-Z Keypad Blitz II
pecheneg
Multiple Oscar Actors
pecheneg
Mystery Phrase Blitz: Oscar 'Best Actors'
pecheneg
F. Scott Fitzgerald Novels
LTH
Pick 3 Villains
ddd62291
Trending Topics
NBA
Harry Potter
Disney
Anime
Marvel
Crossword
Kpop
The Office
Pokémon
Puzzle
Soccer
Country
Song
NFL
WWE
Your Account Isn't Verified!
In order to create a playlist on Sporcle, you need to verify the email address you used during registration. Go to your
Sporcle Settings
to finish the process.
Report this User
Report this user for behavior that violates our
Community Guidelines
.
Details:
Send Report
Go to the Sporcle.com Mobile Site →
Comments